Bài toán quĩ tích dễ hay khó

Gespeichert in:
Bibliographische Detailangaben
1. Verfasser: LÊ HẢI CHÂU
Format: Buch
Sprache:Undetermined
Veröffentlicht: ĐHQG Hà Nội 2001
Tags: Tag hinzufügen
Keine Tags, Fügen Sie den ersten Tag hinzu!
Thư viện lưu trữ: Trung tâm Học liệu Trường Đại học Cần Thơ
LEADER 00438nam a2200145Ia 4500
001 CTU_49976
008 210402s9999 xx 000 0 und d
082 |a 516.076 
082 |b Ch125 
100 |a LÊ HẢI CHÂU 
245 0 |a Bài toán quĩ tích dễ hay khó 
245 0 |c LÊ HẢI CHÂU, Nguyễn Xuân Quỳ 
260 |b ĐHQG Hà Nội 
260 |c 2001 
980 |a Trung tâm Học liệu Trường Đại học Cần Thơ